| 000 | 00769nam a22002057a 4500 | ||
|---|---|---|---|
| 999 |
_c6096 _d6096 |
||
| 003 | AR-CdUCM | ||
| 008 | 190313b ||||| |||| 00| 0 spa d | ||
| 040 |
_aMUNICIPALIDAD PROVINCIAL DEL CUSCO _cBIBLIOTECA MUNICIPAL DEL CUSCO |
||
| 082 |
_a102 / _bK53 |
||
| 100 |
_aKierkegaard, Soren _917720 |
||
| 245 | _aEstética del Matrimonio / | ||
| 260 |
_aBuenos Aires : _bDedalo , _c1960. |
||
| 300 |
_a177 páginas ; _c19.5 cm. |
||
| 505 | _aContenido : Los Limites del Amor Romantico -- Examen del Matrimonio Cristiano -- Los porque del matrimonio -- El misterio del Matrimonio --El Matrimonio, Categoria Estetica del Amor... | ||
| 650 |
_aMetafisica _92817 |
||
| 650 |
_aFilosofia del Amor _917721 |
||
| 650 |
_aSecularismo _94900 |
||
| 942 |
_2ddc _cLIBROS |
||
| 945 | _artm | ||